La turbina de vapor de Gustavo de Laval / (Record no. 161011)

MARC details
000 -LEADER
campo de control de longitud fija 00665nam a22001575i 4500
001 - NÚMERO DE CONTROL
campo de control 161011
003 - IDENTIFICADOR DE NÚMERO DE CONTROL
campo de control ES-MaACL
005 - FECHA Y HORA DE LA ÚLTIMA TRANSACCIÓN
campo de control 20230906212156.0
008 - DATOS DE LONGITUD FIJA--INFORMACIÓN GENERAL
campo de control de longitud fija 950206s1899 sp a |||| | spa d
040 ## - FUENTE DE CATALOGACIÓN
Centro catalogador/agencia de origen CARM
Lengua de catalogación spa
Centro/agencia transcriptor CCPB | PA2
100 1# - ENTRADA PRINCIPAL--NOMBRE DE PERSONA
Nombre de persona Olsson, D.G.O.
9 (RLIN) 130648
245 10 - MENCIÓN DEL TÍTULO
Título La turbina de vapor de Gustavo de Laval /
Mención de responsabilidad, etc. por D.G.O. Olsson ; conferencia dada el 8 de Febrero de 1898 en la Asociation de Ingenieros de Copenhague.
260 ## - PUBLICACIÓN, DISTRIBUCIÓN, ETC.
Lugar de publicación, distribución, etc. Madrid :
Nombre del editor, distribuidor, etc. [s.n.],
Fecha de publicación, distribución, etc. 1899 (
Fabricante Est. Tip. de la Viuda é Hijos de M. Tello)
300 ## - DESCRIPCIÓN FÍSICA
Extensión 27 p. :
Otras características físicas il. ;
Dimensiones 25 cm.
852 ## - LOCALIZACIÓN
Ubicación ES-MaACL
Número de control de estantería T-928-F-1
Nota libre -- Enc. hol. conservando la cub. original
-- -- Enc. en un vol. facticio
Holdings
Estatus retirado Estado de pérdida Estado de daño No para préstamo Colección Biblioteca de origen Biblioteca actual Ubicación en estantería Fecha de adquisición Total de préstamos Signatura topográfica completa Código de barras Visto por última vez Precio de reemplazo Tipo de ítem Koha
        Colección de folletos Biblioteca del Ateneo de Madrid Biblioteca del Ateneo de Madrid Depósito folletos 17/01/2008   T-928-F-1 1168628 23/02/2023 23/02/2023 Folleto